000 00523nam a2200193Ia 4500
003 OSt
005 20251103180455.0
008 210423s2008 xx 000 0 und d
040 _cAL
041 _aEnglish
082 _a362.30
_bMUKC
100 _aAlok Mukhopadhyay
_9120385
245 _aCivil society action for tobacco control
260 _aNew Delhi
_bVHAI
_c2008
365 _b250
_cINR
700 _aMukhopadhyay, Bhavna B
_9243638
906 _aaction ; Civil ; control. ; society ; tobacco
942 _2ddc
_cBK
999 _c175941
_d175941